Polygrafia anglicko-nemecko-francúzsko-rusko-španielsko-poľsko-maďarsko-slovenský slovník

Na minha lista:
Detalhes bibliográficos
Formato: Livro
Idioma:eslovaco
Publicado em: Bratislava Alfa 1980
Edição:1. vyd.
Tags: Adicionar Tag
Sem tags, seja o primeiro a adicionar uma tag!

MARC

LEADER 00000nam a2200000 4500
001 c022642
005 20250820102214.6
041 0 |a slo 
044 |a SK 
245 1 0 |a Polygrafia  |b anglicko-nemecko-francúzsko-rusko-španielsko-poľsko-maďarsko-slovenský slovník  |c sprac. Wolfgang Müller 
250 |a 1. vyd. 
264 1 |a Bratislava  |b Alfa  |c 1980 
300 |a 1019 s.